000 02387nam a22003973i 4500
001 BDZ0055241007
003 StDuBDS
005 20241029144631.0
007 cr||||||||||||
008 240509s2024 enk go 000|0 eng d
020 _a9798891880610 :
_c9.99
040 _aStDuBDS
_beng
_erda
_cStDuBDS
072 7 _aKJC
_2bicssc
072 7 _aKJMB
_2bicssc
072 7 _aKJMQ
_2bicssc
072 7 _aBUS
_2ukslc
072 7 _aKJC
_2thema
072 7 _aKJMB
_2thema
072 7 _aKJMQ
_2thema
100 1 _aChad, Prinkey,
_eauthor.
245 1 0 _aWell Built :
_bHow the Top 2% of Construction Contractors Create Superior Value, Profits, and Excellence /
_cPrinkey Chad.
264 1 _a[Place of publication not identified] :
_bAdvantage Media Group, Inc.,
_c2024.
300 _a1 online resource
336 _atext
_2rdacontent
337 _aunmediated
_2rdamedia
338 _avolume
_2rdacarrier
366 _b20240618
_cAvailable
520 8 _aThe construction industry faces major headwinds-from fluctuating markets and attracting enough talent to unreasonably tight margins, and so much more. Yet some elite contractors consistently achieve double or triple the profits through these challenges.What's the key to their success?After advising hundreds of contractors for fifteen years, author Chad Prinkey knows it comes down to having the right systems and culture in place across your business. In his book Well Built, Prinkey lays out the roadmap for contractors to make meaningful upgrades in how they operate, strategize, manage teams, win new business, and deliver for customers. You'll learn the step-by-step process contractors can use to join the top 2% and gain durable competitive advantages that increase profits for the long haul.Real transformation doesn't happen overnight-but with Prinkey's straightforward methodology, construction executives finally have a clear path to reach the top tier of industry performers.
650 7 _aBusiness and Management
_2ukslc
650 7 _aEBOOK
650 7 _aBusiness strategy
_2thema
650 7 _aManagement: leadership & motivation
_2thema
650 7 _aQuality Assurance (QA) & Total Quality Management (TQM)
_2thema
856 4 0 _uhttps://www.vlebooks.com/product/openreader?id=RICS&accId=9491556&isbn=9798891880610
_zAvailable on VLeBooks (email [email protected] if you do not have a login)
942 _2ddc
999 _c122035
_d122035